书目信息 |
| 题名: |
张锡禄学术文选
|
|
| 作者: | 张锡禄 著 | |
| 分册: | ||
| 出版信息: | 昆明 云南人民出版社 2015 |
|
| 页数: | 345页 | |
| 开本: | 24cm | |
| 丛书名: | 云南文库·学术名家文丛 | |
| 单 册: | ||
| 中图分类: | K285.2-53 , K289-53 | |
| 科图分类: | ||
| 主题词: | 白族--民族文化--大理白族自治州--文集 , 南诏--民族文化--文集 | |
| 电子资源: | ||
| ISBN: | 978-7-222-13153-8 | |
| 000 | 01061oam2 2200289 450 | |
| 001 | 012001004283 | |
| 005 | 20140928162349.0 | |
| 010 | @a978-7-222-13153-8@dCNY58.00 | |
| 100 | @a20160513d2015 em y0chiy50 ea | |
| 101 | 0 | @achi |
| 102 | @aCN@b530000 | |
| 105 | @ay z 000yy | |
| 106 | @ar | |
| 200 | 1 | @a张锡禄学术文选@9zhang xi lu xue shu wen xuan@b专著@e南诏与白族文化@f张锡禄著 |
| 210 | @a昆明@c云南人民出版社@c云南大学出版社@d2015 | |
| 215 | @a345页@d24cm | |
| 225 | 1 | @a云南文库·学术名家文丛@f张瑞才主编 |
| 330 | @a本书收录的文章以南诏大理国历史和白族文化为重点。包括:《南诏国王蒙氏与白族古代姓名制度研究》《白族家谱及其研究价值》《佛教对大理白族民俗的影响》等。 | |
| 461 | 0 | @12001 @a云南文库·学术名家文丛 |
| 517 | 1 | @a南诏与白族文化@9nan zhao yu bai zu wen hua |
| 606 | 0 | @a白族@x民族文化@y大理白族自治州@j文集 |
| 606 | 0 | @a南诏@x民族文化@j文集 |
| 690 | @aK285.2-53@v5 | |
| 690 | @aK289-53@v5 | |
| 701 | 0 | @c(白族)@a张锡禄@9zhang xi lu@f(1947.3-)@4著 |
| 801 | 0 | @aCN@b上海新华@c20180901 |
| 905 | @b1164672-6@dK285.2-53@e125@f5 | |
| 张锡禄学术文选:南诏与白族文化/张锡禄著.-昆明:云南人民出版社:云南大学出版社,2015 |
| 345页;24cm.-(云南文库·学术名家文丛/张瑞才主编) |
| ISBN 978-7-222-13153-8:CNY58.00 |
| 本书收录的文章以南诏大理国历史和白族文化为重点。包括:《南诏国王蒙氏与白族古代姓名制度研究》《白族家谱及其研究价值》《佛教对大理白族民俗的影响》等。 |
| ● |
| 相关链接 |
|
|
|
|
正题名:张锡禄学术文选
索取号:K285.2-53/125
 
预约/预借
| 序号 | 登录号 | 条形码 | 馆藏地/架位号 | 状态 | 备注 |
| 1 | 1164672 | 211646726 | 第二样本阅览室/ [索取号:K285.2-53/125] | 在馆 | |
| 2 | 1164673 | 211646735 | 第二借阅区/ [索取号:K285.2-53/125] | 在馆 | |
| 3 | 1164674 | 211646744 | 密集书库-史法系/ [索取号:K285.2-53/125] | 在馆 | |
| 4 | 1164675 | 211646753 | 第二借阅区/ [索取号:K285.2-53/125] | 在馆 | |
| 5 | 1164676 | 211646762 | 第二借阅区/ [索取号:K285.2-53/125] | 在馆 |